Principles of international financial law / (Record no. 22049)
[ view plain ]
| 000 -LEADER | |
|---|---|
| fixed length control field | 01453cam a22002895a 4500 |
| 001 - CONTROL NUMBER | |
| control field | 18303828 |
| 005 - DATE AND TIME OF LATEST TRANSACTION | |
| control field | 20160825140657.0 |
| 008 - FIXED-LENGTH DATA ELEMENTS--GENERAL INFORMATION | |
| fixed length control field | 140915s2015 enka frb f001 0 eng d |
| 020 ## - INTERNATIONAL STANDARD BOOK NUMBER | |
| International Standard Book Number | 0198722117 (paperback) |
| 020 ## - INTERNATIONAL STANDARD BOOK NUMBER | |
| International Standard Book Number | 9780198722113 (paperback) |
| 040 ## - CATALOGING SOURCE | |
| Original cataloging agency | DLC |
| Language of cataloging | eng |
| Transcribing agency | DLC |
| Modifying agency | EG-ScBUE |
| 082 04 - DEWEY DECIMAL CLASSIFICATION NUMBER | |
| Edition number | 22 |
| Classification number | 343.03 |
| Item number | BAM |
| 100 1# - MAIN ENTRY--PERSONAL NAME | |
| Personal name | Bamford, Colin, |
| Dates associated with a name | 1950- |
| 9 (RLIN) | 40488 |
| 245 10 - TITLE STATEMENT | |
| Title | Principles of international financial law / |
| Statement of responsibility, etc | Colin Bamford. |
| 250 ## - EDITION STATEMENT | |
| Edition statement | 2nd ed. |
| 260 ## - PUBLICATION, DISTRIBUTION, ETC. (IMPRINT) | |
| Place of publication, distribution, etc | Oxford : |
| Name of publisher, distributor, etc | Oxford University Press, |
| Date of publication, distribution, etc | 2015. |
| 300 ## - PHYSICAL DESCRIPTION | |
| Extent | xvii, 366 p. : |
| Other physical details | ill. ; |
| Dimensions | 25 cm. |
| 500 ## - GENERAL NOTE | |
| General note | Index : p. 357-366. |
| 504 ## - BIBLIOGRAPHY, ETC. NOTE | |
| Bibliography, etc | Includes bibliographical references. |
| 505 ## - FORMATTED CONTENTS NOTE | |
| Formatted contents note | Introduction : The special position of financial law -- Money --<br/>Payment -- Personal and property rights -- Intangibles as property -- The legal nature of the international bond market --<br/>Fiduciary duties and how they arise -- Fiduciary duties in financial markets -- Credit support in financial markets --<br/>Security interests -- The construction of financial contracts. |
| 520 ## - SUMMARY, ETC. | |
| Summary, etc | This book provides a clear guide to the principles underlying common law financial transactions and the rules applied to them set in a practical context.<br/> |
| 650 #7 - SUBJECT ADDED ENTRY--TOPICAL TERM | |
| Topical term or geographic name as entry element | Finance |
| Source of heading or term | BUEsh |
| General subdivision | Law and legislation. |
| 9 (RLIN) | 40489 |
| 650 #7 - SUBJECT ADDED ENTRY--TOPICAL TERM | |
| Topical term or geographic name as entry element | International finance |
| General subdivision | Law and legislation. |
| 9 (RLIN) | 36692 |
| Source of heading or term | BUEsh |
| 651 ## - SUBJECT ADDED ENTRY--GEOGRAPHIC NAME | |
| Source of heading or term | BUEsh |
| 653 ## - INDEX TERM--UNCONTROLLED | |
| Resource For college | Law |
| Arrived date list | July2016 |
| -- | August 2016 |
| 942 ## - ADDED ENTRY ELEMENTS (KOHA) | |
| Source of classification or shelving scheme | Dewey Decimal Classification |
| Edition | 22 |
| Call number prefix | 343.03 BAM |
| Withdrawn status | Item status | Source of classification or shelving scheme | Damaged status | Not for loan | Vendor | Home library | Current library | Shelving location | Date acquired | Source of acquisition | Cost, normal purchase price | Serial Enumeration / chronology | Total Checkouts | Full call number | Barcode | Date last seen | Cost, replacement price | Koha item type |
|---|---|---|---|---|---|---|---|---|---|---|---|---|---|---|---|---|---|---|
| Dewey Decimal Classification | Baccah | Central Library | Central Library | First floor | 25/08/2016 | Purchase | 675.00 | 26080 | 343.03 BAM | 000032953 | 15/07/2025 | 843.75 | Book - Borrowing |